Paroles Calogero - Statistiques

Statistiques générales
  • Ce quiz a été pris 88 fois
  • Le résultat moyen est 8 sur 30
Statistiques - réponses
Paroles Chanson % Correct
Perdu au fond de sa classe, il s'emmêle, il se débat avec le coriace pluriel Le portrait
96%
Qui a mis ça, la guerre dans nos quartiers, l'abandon, l'ennui, la télé, des couteaux de combat dans les mains des gamins pour un regard en croix c'est la fin Un jour au mauvais endroit
79%
Elle arrange ses cheveux, j'ai le cœur juste au bord des yeux et sans la regarder je sens la chaleur d'un autre langage En apesanteur
77%
Ça jaillit d'un peu partout, c'est comme un volcan dans ma tête, parfois je sais pas pour vous mais moi ça tempère mes tempêtes Je joue de la musique
62%
Les survêt et les houpettes, Sabrina et 7 sur 7, dans la cuisine c'était rien que douze mois sur la planète, l'URSS, INXS, on chantait "I want your sex" 1987
55%
Je vis dans un autre monde, je m'accroche, tous les jours, je briserai le silence qui m'entoure Si seulement je pouvais lui manquer
44%
Mais quand tout s'allume, quand tout enfin nous sourit, gloire, fête, symphonie, bravos, bijoux, frénésie C'est dit
42%
Mais j'imagine qu'une machine ne peut que faire semblant, ma déesse, elle n'est pas vraiment réelle Pomme C
42%
C'est l'histoire de cette plume qui s'étouffe dans le goudron, cette matière grise dont le pays n'a pas fait acquisition Face à la mer
31%
Tu trouveras le soleil dans le coeur des enfants, sans nulle autre joie pareille ni sentiment plus grand Yalla
31%
On a tous une bonne odeur de tarte au pomme, une chanson super en automne, un vieux couloir qui fout la frousse Fondamental
26%
Si je suis descendu, je ne regretterai rien, j'étais fait pour planter des fleurs dans un jardin Voler de nuit
25%
Tant pis si ça choque, je ne veux plus avoir peur, un homme est un homme peu importe où va son cœur J'ai le droit aussi
22%
Je te laisserai sur ma peau te tatouer, à mon anneau, t'accrocher et sans barreaux, te garder Aussi libre que moi
19%
C'est se démener, chanter dans le désert, pour qui c'était tous ces vers, tous ces airs? Avant toi
19%
L'automne est venu avec la rentrée et ses lumières mandarines, je lui avais fait un bracelet tissé de mes doigts, je lui apportai rêvant dans l'allée Celui d'en bas
17%
Tandis que moi, je sors quand la ville dort et que j'embrasse des filles qui parlent fort Centre ville
16%
Où que tu sois avec moi et où qu'on aille on sera trois, le manque et nous Prendre racine
16%
J'affiche toujours un sourire triste, j'ai déjà hâte de te revoir mon très cher protagoniste Le hall des départs
14%
La peur est une sale habitude qui fait du pire une certitude, de tous nos projets des regrets C'était mieux après
13%
La porte du café tremble encore, dehors, la pluie fouette le bitume, à chacun sa ruée vers l'or, j'accélère à travers la brume L'ombre et la lumière
13%
Que tout s'embrase et qu'il s'efface, qu'il disparaisse tout à coup, depuis que ma bouche sur ton cou s'est posée La fin de la fin du monde
10%
Dernier avis de tempête, dernier refrain. Vivre sans penser au lendemain. Danser encore
9%
Quand la nuit nous accompagne vers d'autres murs d'autres montagnes, si on partait pour l'important on peut y penser maintenant Prendre l'air
9%
Quand les gestes fléchissent sous le plus fort, qu'il ne vous reste plus qu'a se rendre d'accord Tien an Men
9%
Si je ne suis pas l'homme que tu attendais, laisse-moi un message, sait-on jamais Le saut de l'ange
8%
Magnifique, pour que les notes ne nous jugent plus, moi, je rêvais de notes qui ne soient que des notes de musique X
8%
La peur dans le creux du ventre, qui t'enchaîne seul, tu cours et tu rampes, toute ta vie t'en crèves A.M.O.U.R
6%
Si tu veux visiter, on en fait vite le tour, j'aime cette lumière l'été. Des machines bizarres, des cahiers bleus raturés, là, c'était ma première guitare C'est d'ici que je vous écris
6%
Nos soldats ont déposé les armes, les trompettes ont joué l'adieu aux larmes, l'armistice on ne le fêtera pas, pas non plus l'amour mort au combat La débâcle des sentiments
4%
Aucun quiz correspondant
Distribution des résultats
% des personnes avec chaque résultat
Percentile par nombre de réponses
Votre historique - résultats
Vous n’avez pas pris ce quiz